Rounders - Seven Letter Geography - Statistics

General Stats
  • This quiz has been taken 270 times
  • The average score is 5 of 8
Answers on the Map
Answers color-coded by a green-red scale on the quiz's map according to % correct below.
 
Answer Stats
Answer % Correct
Equator
83%
Georgia
68%
Jakarta
67%
Bolivia
66%
Oceania
59%
Ontario
57%
Hamburg
56%
Pacific
54%
No matching quizzes found
Score Distribution
Percent of People with Each Score
Percentile by Number Answered
Your Score History
You have not taken this quiz